000 00518nam a2200193 a 4500
001 1771297336717
003 YourLibrary
005 20260217083534.0
008 260217s2006##################000#0#eng##
020 _a9781847200822
082 0 4 _a330.156
_bHAY
100 1 _aHayes, Mark G.,
_eauthor.
245 1 0 _aThe Economics of Keynes :
260 _bEdward Elgar Publishing,
_c2006.
300 _a296 pages
650 0 _aBiography & Autobiography.
942 _cENGLISH
040 _aYourLibrary
_beng
_cYourLibrary
999 _c612782
_d612782